Look out for a jump in joinders (Record no. 76071)

MARC details
000 -LEADER
fixed length control field 01752cab a2200205 4500
001 - CONTROL NUMBER
control field ##L131414
008 - FIXED-LENGTH DATA ELEMENTS--GENERAL INFORMATION
fixed length control field 051031n2005 000 0 eng u
035 ## - SYSTEM CONTROL NUMBER
System control number (Sirsi) u131414
041 0# - LANGUAGE CODE
Language code of text/sound track or separate title eng
100 1# - MAIN ENTRY--PERSONAL NAME
Personal name Dodsworth, Catriona
245 00 - TITLE STATEMENT
Title Look out for a jump in joinders
260 ## - PUBLICATION, DISTRIBUTION, ETC.
Date of publication, distribution, etc. 2005
490 #0 - SERIES STATEMENT
Series statement Construction News
Volume/sequential designation 6939 20 October 2005 15(1)
520 ## - SUMMARY, ETC.
Summary, etc. Discusses "City and General (Holborn) v AYH" (unreported), where C sought an order under the Arbitration Act 1996 for the appointment of a named arbitrator to consider disputes between C and its project managers and quantity surveyors A. The project had run considerably over time and budget, and C had previously served notices of arbitration against the main contractor, K, under which a wide range of disputes had been referred to the same arbitrator. When C served notice on A requiring them to agree to the appointment of the arbitrator, it relied on the joinder clause in the contract (which was JCT Standard Form of Building Contract (1980 Edition) cl41), allowing the arbitrator to consider parallel disputes where one party was common to both and substantially the same issues were involved. A denied that there was a sufficiently close connection between the issues arising from the two disputes. "Held": it was not necessary for all, or even the majority, of the issues, to be the same; it was sufficient if a 'material portion' were the same, or connected. C's request was granted.
590 ## - LOCAL NOTE (RLIN)
Local note IKA081105
650 24 - SUBJECT ADDED ENTRY--TOPICAL TERM
Topical term or geographic name entry element CITY AND GENERAL (HOLBORN) V AYH
650 24 - SUBJECT ADDED ENTRY--TOPICAL TERM
Topical term or geographic name entry element JCT STANDARD FORM OF BUILDING CONTRACT (1980 EDITION)
690 ## - LOCAL SUBJECT ADDED ENTRY--TOPICAL TERM (OCLC, RLIN)
Topical term or geographic name as entry element MANAGEMENT-DISPUTE AVOIDANCE, MANAGEMENT AND RESOLUTION-DISPUTE MANAGEMENT AND RESOLUTION-ARBITRATION-ARBITRATORS
942 ## - ADDED ENTRY ELEMENTS (KOHA)
Suppress in OPAC 0
Holdings
Withdrawn status Lost status Source of classification or shelving scheme Damaged status Not for loan Home library Current library Shelving location Date acquired Total Checkouts Full call number Barcode Date last seen Copy number Price effective from Koha item type
    Dewey Decimal Classification     London London Journal article 01/11/2005   L13414 131414-1001 06/08/2019 1 06/08/2019 Journal article